000 00282nam a2200109 4500
999 _c10412
_d10412
008 180829b ||||| |||| 00| 0 eng d
245 _aHistory and irony.
260 _aPhilippines
_bThe Philippine Star
_cc2016
300 _apage F-4.
650 0 _930585
_aHistory.
942 _2ddc
_cPER